000 00682nam a22002057a 4500
003 0
005 20230904153821.0
008 230904b xxu||||| |||| 00| 0 eng d
020 _a978-621-406-298-0
050 _aKF 951
_b.C34 2022
100 _aCagurangan, Tranquilino R., Jr.
245 _aLegal aspects in tourism and hospitality
_cTranquilino R. Cagurangan, Jr.
260 _aManila
_bMindshapers Co., Inc.
_cc2022.
300 _axiv, 214 pages ;
_c23 cm.
500 _aTourism--law and legislation.
504 _aIncludes bibliographical references.
650 _aTourism--law and legislation.
650 _aHospitality--law and legislation.
942 _2lcc
_cBK
999 _c365254
_d365254